An introduction to digital computing (Record no. 2400)

MARC details
000 -LEADER
fixed length control field 00604nam a2200193Ia 4500
003 - CONTROL NUMBER IDENTIFIER
control field IN-BaIIA
008 - FIXED-LENGTH DATA ELEMENTS--GENERAL INFORMATION
fixed length control field 211028s9999 xx 000 0 eng d
040 ## - CATALOGING SOURCE
Transcribing agency IIA Library
080 ## - UNIVERSAL DECIMAL CLASSIFICATION NUMBER
Universal Decimal Classification number 681.3
Item number ARD
100 ## - MAIN ENTRY--PERSONAL NAME
Personal name Arden, B. W.
9 (RLIN) 4298
245 #3 - TITLE STATEMENT
Title An introduction to digital computing
Statement of responsibility, etc. B. W. Arden
260 ## - PUBLICATION, DISTRIBUTION, ETC.
Place of publication, distribution, etc. Reading
Name of publisher, distributor, etc. Addison-Wesley
Date of publication, distribution, etc. 1963
300 ## - PHYSICAL DESCRIPTION
Extent ix, 389p.
490 ## - SERIES STATEMENT
Series statement Addison-Wesley series in computer science and information processing
650 ## - SUBJECT ADDED ENTRY--TOPICAL TERM
Topical term or geographic name entry element Computers
9 (RLIN) 2283
650 ## - SUBJECT ADDED ENTRY--TOPICAL TERM
Topical term or geographic name entry element Digital computers
650 ## - SUBJECT ADDED ENTRY--TOPICAL TERM
Topical term or geographic name entry element NASA thesaurus
942 ## - ADDED ENTRY ELEMENTS (KOHA)
Koha item type Books
Holdings
Withdrawn status Lost status Damaged status Not for loan Home library Current library Shelving location Date acquired Cost, normal purchase price Total Checkouts Full call number Barcode Date last seen Cost, replacement price Price effective from Koha item type Purchase Price
        IIA Library-Bangalore IIA Library-Bangalore General Stacks 23/04/1965 85.05   681.3/ ARD 2682 05/11/2021 85.05 23/04/1965 Books Rs. 85.05

Powered by Koha